000 00788nam a22001577a 4500
003 OSt
005 20151103103539.0
008 151103b xxu||||| |||| 00| 0 eng d
040 _cRUA
082 _aFOR អ៊ុក​ 1996 B121 Or.1
100 _93249
_aអ៊ុក សារឿន
245 _aunderstanding management practice in forestry office, svay rieng department of agriculture (ស្វែងយល់ពីការគ្រប់គ្រង រៀបចំចាត់ចែងអនុវត្តនៅក្នុងការិយាល័យរុក្ខា ប្រមាញ់នៃមន្ទិរកសិកម្មខេត្តស្វាយាំរៀាំង)
260 _aPhnom Penh
_bRUA
_c1996
300 _a65p.
_bill.
_c29cm.
942 _2ddc
_cFOR
999 _c3033
_d3033